FIREWALLS A COMPLETE GUIDE (Record no. 47628)

MARC details
000 -LEADER
fixed length control field 00417pam a2200169 a 4500
020 ## - INTERNATIONAL STANDARD BOOK NUMBER
Terms of availability P.B.
041 ## - LANGUAGE CODE
Language code of original
082 ## - DEWEY DECIMAL CLASSIFICATION NUMBER
Classification number 005.754
Item number GON
100 ## - MAIN ENTRY--PERSONAL NAME
Personal name GONCALVES M.
245 ## - TITLE STATEMENT
Title FIREWALLS A COMPLETE GUIDE
Medium Textual Documents
250 ## - EDITION STATEMENT
Edition statement 01-01-2000
260 ## - PUBLICATION, DISTRIBUTION, ETC.
Name of publisher, distributor, etc. TATA MC GRAW HILL INT. NEW DELHI
300 ## - PHYSICAL DESCRIPTION
Extent XXI/678
Accompanying material 1 CD
500 ## - GENERAL NOTE
General note 4808
653 ## - INDEX TERM--UNCONTROLLED
Uncontrolled term OBJECT ORIENTED MODELLING DESIGN (B.E.)
930 ## - EQUIVALENCE OR CROSS-REFERENCE-UNIFORM TITLE HEADING [LOCAL, CANADA]
Uniform title 4403
Holdings
Withdrawn status Lost status Damaged status Not for loan Collection Home library Current library Shelving location Date acquired Source of acquisition Cost, normal purchase price Total Checkouts Full call number Barcode Date last seen Copy number Price effective from Koha item type
        EWP College of Engineering for Women, Pune College of Engineering for Women, Pune E-ROW-7:CUP-28 31/12/2002 COLLEGE BOOK DEPOT, 435.00   005.754 GON EWP-4464 24/02/2023 1 24/02/2023 Book